Theory of knowledge : (Record no. 289000)
[ view plain ]
| 000 -LEADER | |
|---|---|
| fixed length control field | 00606nam a22001817a 4500 |
| 003 - CONTROL NUMBER IDENTIFIER | |
| control field | LC |
| 005 - DATE AND TIME OF LATEST TRANSACTION | |
| control field | 20151202113706.0 |
| 008 - FIXED-LENGTH DATA ELEMENTS--GENERAL INFORMATION | |
| fixed length control field | 151202b xxu||||| |||| 00| 0 eng d |
| 020 ## - INTERNATIONAL STANDARD BOOK NUMBER | |
| International Standard Book Number | 9781910160008 |
| 050 ## - LIBRARY OF CONGRESS CALL NUMBER | |
| Classification number | BD 161 .M531 2015 |
| 100 ## - MAIN ENTRY--PERSONAL NAME | |
| Personal name | Melvin, Antonia |
| 245 ## - TITLE STATEMENT | |
| Title | Theory of knowledge : |
| Remainder of title | IB diploma programme |
| Statement of responsibility, etc | Antonia Melvin, Tim Sprod |
| 250 ## - EDITION STATEMENT | |
| Edition statement | 2nd edition |
| Remainder of edition statement | for assessment 2015 onwards |
| 260 ## - PUBLICATION, DISTRIBUTION, ETC. (IMPRINT) | |
| Place of publication, distribution, etc | United Kingdom : |
| Name of publisher, distributor, etc | International Baccalaureate Organization |
| Date of publication, distribution, etc | 2015 |
| 300 ## - PHYSICAL DESCRIPTION | |
| Extent | 154 pages., |
| Other physical details | col.,ill., |
| Dimensions | 28 cm. |
| 440 ## - SERIES STATEMENT/ADDED ENTRY--TITLE | |
| Title | Approach your assessment the IB way |
| 942 ## - ADDED ENTRY ELEMENTS (KOHA) | |
| Source of classification or shelving scheme | Library of Congress Classification |
| Koha item type | Books |
| Withdrawn status | Lost status | Source of classification or shelving scheme | Damaged status | Home library | Current library | Shelving location | Date acquired | Source of acquisition | Sub Shelving location | Total Checkouts | Total Renewals | Full call number | Barcode | Date last seen | Date checked out | Price effective from | Koha item type |
|---|---|---|---|---|---|---|---|---|---|---|---|---|---|---|---|---|---|
| Library of Congress Classification | Luxembourg Library | Luxembourg Library | International Baccalaureate Section | 12/02/2015 | Library Fund | 3 | 12 | BD 161 .M531 2015 | IB0203 | 12/12/2019 | 09/16/2019 | 12/02/2015 | Books | ||||
| Library of Congress Classification | Luxembourg Library | Luxembourg Library | International Baccalaureate Section | 12/02/2015 | Library Fund | 3 | 17 | BD 161 .M531 2015 | IB0204 | 02/23/2017 | 12/05/2016 | 12/02/2015 | Books |